Scottish property ownership simplified (Record no. 71649)
[ view plain ]
| 000 -LEADER | |
|---|---|
| fixed length control field | 00941cam a2200217 4500 |
| 001 - CONTROL NUMBER | |
| control field | WB3844-18 |
| 008 - FIXED-LENGTH DATA ELEMENTS--GENERAL INFORMATION | |
| fixed length control field | 021127n2002 000 0 eng u |
| 035 ## - SYSTEM CONTROL NUMBER | |
| System control number | (Sirsi) u120593 |
| 245 ## - TITLE STATEMENT | |
| Title | Scottish property ownership simplified |
| 260 ## - PUBLICATION, DISTRIBUTION, ETC. | |
| Date of publication, distribution, etc. | 2002 |
| 490 ## - SERIES STATEMENT | |
| Series statement | Scottish Executive News Release |
| Volume/sequential designation | (SEJD156/2002) 21 November 2002, (3) |
| 520 ## - SUMMARY, ETC. | |
| Summary, etc. | From 28 November 2004 feudal system will be abolished in Scotland to simplify framework for property ownership. Feudal superiors will no longer be able to enforce feudal conditions or be paid feu duties. Marks completion of process begun by Abolition of Feudal Tenure etc (Scotland) Act 2000. www.scotland.gov.uk/pages/news/2002/11/SEJD156.aspx |
| 590 ## - LOCAL NOTE (RLIN) | |
| Local note | WB |
| 650 ## - SUBJECT ADDED ENTRY--TOPICAL TERM | |
| Topical term or geographic name entry element | FEUDAL TENURE SYSTEM |
| 650 ## - SUBJECT ADDED ENTRY--TOPICAL TERM | |
| Topical term or geographic name entry element | SCOTLAND |
| 650 ## - SUBJECT ADDED ENTRY--TOPICAL TERM | |
| Topical term or geographic name entry element | LAND OWNERSHIP |
| 650 ## - SUBJECT ADDED ENTRY--TOPICAL TERM | |
| Topical term or geographic name entry element | TITLE CONDITIONS |
| 650 ## - SUBJECT ADDED ENTRY--TOPICAL TERM | |
| Topical term or geographic name entry element | ABOLITION OF FEUDAL TENURE ETC (SCOTLAND) ACT 2000 |
| 690 ## - LOCAL SUBJECT ADDED ENTRY--TOPICAL TERM (OCLC, RLIN) | |
| Topical term or geographic name as entry element | PROPERTY |
| 942 ## - ADDED ENTRY ELEMENTS (KOHA) | |
| Suppress in OPAC | 0 |
| Withdrawn status | Lost status | Source of classification or shelving scheme | Damaged status | Not for loan | Home library | Current library | Shelving location | Date acquired | Total Checkouts | Full call number | Barcode | Date last seen | Copy number | Price effective from | Koha item type |
|---|---|---|---|---|---|---|---|---|---|---|---|---|---|---|---|
| Dewey Decimal Classification | London | London | News article | 27/11/2002 | WB3844-18 | 120593-1001 | 06/08/2019 | 1 | 06/08/2019 | News article |